| 000 | 00667nam a2200217 4500 | ||
|---|---|---|---|
| 001 | 136807 | ||
| 003 | ES-MaACL | ||
| 005 | 20230906195231.0 | ||
| 007 | t| | ||
| 008 | 070214s1970 sp r ||||1| baq d | ||
| 100 | 1 |
_aSaizarbitoria, Ramón. _9101630 |
|
| 245 | 1 | 0 |
_aMendebaleko ekonomiarem historia / _cRamón Saizarbitoria, Ibon Sarasola, Arantxa Urretavizcaya. |
| 260 |
_aDonostia : _bLur, _c1970. |
||
| 300 |
_a134 p. ; _c18 cm. |
||
| 490 | 1 |
_aHastapenak ; _v3 |
|
| 700 | 1 |
_aSarasola, Ibon. _9103768 |
|
| 700 | 1 |
_aUrretavizcaya, Arantxa. _9112232 |
|
| 830 | 0 |
_aHastapenak ; _v3 _9181068 |
|
| 852 |
_aES-MaACL _jC-53100 _bR.72618 |
||
| 999 |
_c136807 _d136807 |
||